| 000 | 01613cam a2200301 4500 | ||
|---|---|---|---|
| 001 | ABS66629 | ||
| 008 | 030422n2003 000 0 eng u | ||
| 035 | _a(Sirsi) u122049 | ||
| 100 | _aCassidy, M. | ||
| 245 | 4 | _aThe rise of the farmstead-hamlet: a new rural settlement pattern? | |
| 260 | _c2003 | ||
| 490 |
_aTown & Country Planning _v72(2) February 2003, 55-57(3) |
||
| 520 | _aPresents the findings of research into changes of use from working farmsteads to permanent residential complexes in Lancashire. The research team from Liverpool John Moores University assessed local planning policies on rural building conversions and studied planning applications for farmstead conversions between 1997 and 2002. In addition, a questionnaire survey was sent to local authorities to discover the socio-economic profile of the residents occupying farmstead-hamlets and the farmstead-hamlets were measured against a range of sustainability indicators. The research revealed a high level of unsustainable planning approvals for farmstead-hamlets in Lancashire and concluded that a good practice guide on the location of farmstead-hamlets may address this problem. Table. | ||
| 590 | _aABS | ||
| 650 | _aFARMSTEAD HAMLETS | ||
| 650 | _aCHANGE OF USE | ||
| 650 | _aLANCASHIRE | ||
| 650 | _aRURAL SETTLEMENTS | ||
| 650 | _aRURAL PLANNING | ||
| 650 | _aFARM BUILDINGS | ||
| 650 | _aRURAL DIVERSIFICATION | ||
| 690 | _aENVIRONMENTAL AND LAND CONSULTANCY-PLANNING AND DEVELOPMENT | ||
| 700 | _aDarlington, J. | ||
| 700 | _aHodcroft, D. | ||
| 700 | _aLowe, H. | ||
| 700 | _aMarno, D. | ||
| 942 | _n0 | ||
| 999 |
_c72523 _d72523 |
||